000 00396nam a2200157Ia 4500
008 151213s9999 xx 000 0 und d
100 _aDr. A.R. Khan
245 _aBank Management & Fund Emphasis
_cDr. A.R. Khan
250 _a1st
260 _aDhaka
_bRuby Publicatioons
_c2008
300 _a5220 p.
650 _aManagement
650 _aManagement
700 _aDr. A.R. Khan
999 _c3224
_d3224